De verdad, fue así: cuentos clásicos recontados

में बचाया:
ग्रंथसूची विवरण
मुख्य लेखकों: Basch, Adela (लेखक), Machado, Angelo (लेखक), García-Huidobro, Beatriz (लेखक), Alonso, Carolina (लेखक), Calvo Drago, Julio (लेखक), Tenorio, Miguel Angel (लेखक), Hernández Labastida, David (लेखक), Tejo, Heriberto (लेखक), Yagnam, Myriam (लेखक)
स्वरूप: पुस्तक
भाषा:स्पेनिश
प्रकाशित: Sao Paulo Melhoramentos 2009
संस्करण:1a. ed
विषय:
टैग: टैग जोड़ें
कोई टैग नहीं, इस रिकॉर्ड को टैग करने वाले पहले व्यक्ति बनें!

MARC

LEADER 00000nam a2200000 a 4500
001 UCG3705
003 CL-VaPUC
008 100909e20090000BL |||||||||||||||||spa|d
020 |a 9788506059883 
082 0 4 |a 9  |b BAS  |2 21 
100 0 |a Basch, Adela  |e author  |9 553001 
700 0 |a Machado, Angelo  |e author  |9 553002 
700 |a García-Huidobro, Beatriz  |e author  |9 568918 
700 0 |a Alonso, Carolina  |e author  |9 553004 
700 0 |a Calvo Drago, Julio  |e author  |9 553005 
700 0 |a Tenorio, Miguel Angel  |e author  |9 553006 
700 0 |a Hernández Labastida, David  |e author  |9 553007 
700 0 |a Tejo, Heriberto  |e author  |9 553008 
700 0 |a Yagnam, Myriam  |e author  |9 553009 
245 1 0 |a De verdad, fue así: cuentos clásicos recontados 
250 |a 1a. ed 
300 |a 127 p 
942 |c BK 
945 |d 20100909 00:00:00  |a mfarfan 
260 |a Sao Paulo  |b Melhoramentos  |c 2009 
650 0 |a Cuentos infantiles  |9 308044 
650 7 |a ESCRITORES ARGENTINOS  |2 CL-VaPUC  |9 553010 
583 |a last modification  |c 20100909 00:00:00  |k Rodrigo Vera 
999 |c 342745  |d 342743 
952 |0 0  |1 0  |4 0  |6 9_000000000000000_BAS_2009  |7 0  |8 C  |9 439232  |a BIBCUR  |b BIBCUR  |d 2019-11-22  |i 4718240  |l 3  |o 9 BAS 2009  |p 4718240  |r 2025-04-22  |s 2023-11-16  |w 2019-11-22  |y BK  |k INF